Ley general de archivos de la República Dominicana Nº. 481-08 y su reglamento de aplicación decreto nº. 129-10 / (Registro nro. 15850)

Detalles MARC
000 -CABECERA
campo de control de longitud fija 02131nam a2200337 a 4500
001 - NÚMERO DE CONTROL
campo de control 000045355
003 - IDENTIFICADOR DEL NÚMERO DE CONTROL
campo de control DO-SdBPM
005 - FECHA Y HORA DE LA ÚLTIMA TRANSACCIÓN
campo de control 20260519122655.0
007 - CAMPO FIJO DE DESCRIPCIÓN FÍSICA--INFORMACIÓN GENERAL
campo de control de longitud fija ta
008 - DATOS DE LONGITUD FIJA--INFORMACIÓN GENERAL
campo de control de longitud fija 111027s2011 dr 000 0 spa d
040 ## - FUENTE DE LA CATALOGACIÓN
Centro catalogador/agencia de origen DO-SdBPM
Lengua de catalogación spa
Centro/agencia transcriptor BPMSU
Centro/agencia modificador rda
082 ## - NÚMERO DE LA CLASIFICACIÓN DECIMAL DEWEY
Número de clasificación 344.7293092
Número de documento/Ítem R426L, 2011
Número de edición 22
110 1# - ENTRADA PRINCIPAL--NOMBRE DE ENTIDAD CORPORATIVA
Nombre de entidad corporativa o nombre de jurisdicción como elemento de entrada República Dominicana.
240 10 - TÍTULO UNIFORME
Título uniforme [Leyes, etc.]
245 10 - MENCIÓN DE TÍTULO
Título Ley general de archivos de la República Dominicana Nº. 481-08 y su reglamento de aplicación decreto nº. 129-10 /
Mención de responsabilidad, etc. editor Juan Francisco Dominguez Novas
260 ## - PUBLICACIÓN, DISTRIBUCIÓN, ETC.
Fecha de publicación, distribución, etc.
264 ## - PRODUCCIÓN, PUBLICACIÓN, DISTRIBUCIÓN, FABRICACIÓN Y COPYRIGHT
Producción, publicación, distribución, fabricación y copyright Santo Domingo :
Nombre del de productor, editor, distribuidor, fabricante Archivo General de la Nación,
Fecha de producción, publicación, distribución, fabricación o copyright 2011
300 ## - DESCRIPCIÓN FÍSICA
Extensión 121 páginas ;
Dimensiones 23 cm.
336 ## - TIPO DE CONTENIDO
Término de tipo de contenido texto
Código de tipo de contenido txt
Fuente rdacontent
337 ## - TIPO DE MEDIO
Nombre/término del tipo de medio sin mediación
Código del tipo de medio n
Fuente rdamedia
338 ## - TIPO DE SOPORTE
Nombre/término del tipo de soporte volumen
Código del tipo de soporte nc
Fuente rdacarrier
505 0# - NOTA DE CONTENIDO CON FORMATO
Nota de contenido con formato Presentación, 7.-- Ley General de Archivos de la República Dominicana, No.481-08, 11.-- Título I / El Sistema Nacional de Archivos, 15.-- Definiciones, 15.-- Objeto y ámbito de la aplicación, 21.-- Sobre el Sistema Nacional de Archivos, 22.-- Título II / El Archivo General de la Nación, 25.-- Título III / Los archivos de la SNA, 33.-- Archivos públicos, 33.-- Archivos regionales, 36.-- Archivos privados, 39.-- Título IV / Órganos técnicos del AGN y el SNA, 41.-- De la Junta de Coordinación Técnica, 41.-- De la Comisión de Evaluación y Acceso e Fondos Documentales, 43.-- Título V / Normativas legales del uso de documentación, 46.-- Procesos archivísticos, 46.-- Acceso y consulta de los documentos, 47.-- Protección al Patrimonio Documental de la Nación, 48-- Título VI / Del régimen económico y financiero, 50.-- Título VII / Régimen de sanciones y disposiciones legales, 51.-- Régimen de sanciones, 51.-- Disposiciones finales, 54.
590 ## - NOTA LOCAL (RLIN)
Nota local Inventariado, 2026/VM
650 #7 - PUNTO DE ACCESO ADICIONAL DE MATERIA--TÉRMINO DE MATERIA
Término de materia o nombre geográfico como elemento de entrada Legislación archivística
Subdivisión geográfica República Dominicana
Subdivisión de forma
650 #7 - PUNTO DE ACCESO ADICIONAL DE MATERIA--TÉRMINO DE MATERIA
Término de materia o nombre geográfico como elemento de entrada Ley no. 481 -- 08
650 #7 - PUNTO DE ACCESO ADICIONAL DE MATERIA--TÉRMINO DE MATERIA
Término de materia o nombre geográfico como elemento de entrada Leyes
Subdivisión geográfica República Dominicana
700 1# - PUNTO DE ACCESO ADICIONAL--NOMBRE DE PERSONA
Nombre de persona Dominguez Novas, Juan Francisco
Término indicativo de función/relación editor
710 ## - PUNTO DE ACCESO ADICIONAL--NOMBRE DE ENTIDAD CORPORATIVA
Nombre de entidad corporativa o nombre de jurisdicción como elemento de entrada Archivo General de la Nación
910 ## - DATOS DE OPCIÓN DEL USUARIO (OCLC)
Datos de opción del usuario VMateo V. Control de calidad BPMSU
942 ## - ELEMENTOS DE PUNTO DE ACCESO ADICIONAL (KOHA)
Fuente del sistema de clasificación o colocación Dewey Decimal Classification
Tipo de ítem Koha Libros
Existencias
Estado de retiro Estado de pérdida Fuente del sistema de clasificación o colocación No para préstamo Código de colección Localización permanente Ubicación/localización actual Fecha de adquisición Total de préstamos Signatura topográfica completa Código de barras Fecha visto por última vez Precio válido a partir de Tipo de ítem Koha
    Dewey Decimal Classification   Colección Dominicana Biblioteca Pública Metropolitana Salomé Ureña Biblioteca Pública Metropolitana Salomé Ureña 05/19/2026   BPMSU CD 344.7293092 R426L, 2011 BPMSU26050079 05/19/2026 05/19/2026 Libros